00511nam a22001697a 450000500170000001000130001702000130003003500110004303700130005408200070006710000260007424500550010024600490015526000490020427000660025330000220031920250626124509.0 aUR-10790 c50.00a- aU-9345 bDBAD/PUB aک aفر يد ہ حفيظ aد ر خت کی نصيحت cفر يد ہ حفيظ bDarakht Ki Nasihat (Urdu)aby Farida Hafeez aDelhibEducational Publishing Housec2009 ء a3108,Gali Vakil Kucha Pandit Lal Kuan bDelhie6k23216162l- a24 ص c22 Cm(Hb)